Radical Approaches to Political Science (Record no. 65049)
[ view plain ]
| 000 -LEADER | |
|---|---|
| fixed length control field | 01273nam a2200241Ii 4500 |
| 008 - FIXED-LENGTH DATA ELEMENTS--GENERAL INFORMATION | |
| fixed length control field | 221202s xx 000 0 und d |
| 100 1# - MAIN ENTRY--PERSONAL NAME | |
| Personal name | Rainer, Rainer, |
| Relator term | author |
| 245 #0 - TITLE STATEMENT | |
| Title | Radical Approaches to Political Science |
| 246 ## - VARYING FORM OF TITLE | |
| Title proper/short title | Roads Less Traveled |
| 264 ## - PRODUCTION, PUBLICATION, DISTRIBUTION, MANUFACTURE, AND COPYRIGHT NOTICE | |
| Name of producer, publisher, distributor, manufacturer | Verlag Barbara Budrich |
| Date of production, publication, distribution, manufacture, or copyright notice | 2012 |
| 300 ## - PHYSICAL DESCRIPTION | |
| Extent | 1 online resource |
| 336 ## - CONTENT TYPE | |
| Content type term | text |
| Content type code | txt |
| Source | rdacontent |
| 337 ## - MEDIA TYPE | |
| Media type term | computer |
| Media type code | c |
| Source | rdamedia |
| 338 ## - CARRIER TYPE | |
| Carrier type term | online resource |
| Carrier type code | cr |
| Source | rdacarrier |
| 520 ## - SUMMARY, ETC. | |
| Summary, etc. | This ground breaking volume offers a range of alternative approaches to political science, highlighting problems too rarely confronted by “mainstream” political scientists. Ranging from Gunfighter Sagas to the changing faces of an imaginary Mars, the innovative chapters introduce whole new ways of rethinking politics, stirring up the all too conventional ways of the discipline. |
| 653 ## - INDEX TERM--UNCONTROLLED | |
| Uncontrolled term | History Of Ideas |
| 653 ## - INDEX TERM--UNCONTROLLED | |
| Uncontrolled term | Ideology |
| 653 ## - INDEX TERM--UNCONTROLLED | |
| Uncontrolled term | Non-Mainstream Political Science |
| 653 ## - INDEX TERM--UNCONTROLLED | |
| Uncontrolled term | Political Science |
| 653 ## - INDEX TERM--UNCONTROLLED | |
| Uncontrolled term | Radical Politics |
| 856 ## - ELECTRONIC LOCATION AND ACCESS | |
| Uniform Resource Identifier | <a href="https://library.oapen.org/bitstream/20.500.12657/25797/1/1004292.pdfhttps://shop.budrich-academic.de/produkt/radical-approaches-to-political-science-roads-less-traveled/http://library.oapen.org/handle/20.500.12657/25797">https://library.oapen.org/bitstream/20.500.12657/25797/1/1004292.pdfhttps://shop.budrich-academic.de/produkt/radical-approaches-to-political-science-roads-less-traveled/http://library.oapen.org/handle/20.500.12657/25797</a> |
| 942 ## - ADDED ENTRY ELEMENTS (KOHA) | |
| Koha item type | E-Book |
| Withdrawn status | Damaged status | Not for loan | Home library | Current library | Date acquired | Total Checkouts | Date last seen | Price effective from | Koha item type |
|---|---|---|---|---|---|---|---|---|---|
| Directory of Open Access Books | Directory of Open Access Books | 11/28/2022 | 11/28/2022 | 11/28/2022 | E-Book |